01104nam a2200193Ia 4500001000900000003001000009008004100019040002500060041001300085100001200098245003200110250001100142260007800153300001200231500026200243501011400505520026200619650002900881L010-185IT-CnALBA170116s9999||||xx |||||||||||||| ||und|| aIT-CnALBAcIT-CnALBA aITALIANO aAA. VV. 0aALMANACCO DI CORDELIA 1934  a1a ed. a FIRENZEbCAPELLI EDITORE c1934 [1° Ed.:1934 - Ed.Ling.Originale: 1934] a240 p.  aLA DONNA NELLA STORIA. DONNA SANTIPPE E "ALTRA". ANTIFEMMINISMO. BENEMERENZE DELLE DONNE DURANTE LA I GUERRA MONDIALE. SPIRITUALITÀ DELLA DONNA. LA DONNA E LA CASA. DONNA E MODA. DONNA E LAVORO. CURA DELLA BELLEZZA NELLA DONNA. CONSIGLI ALLE MASSAIE. SANT aSocietà San Paolo EM - Piazza San Paolo, 14 - 12051 ALBA (CN) (non commercial uses only) ® Copyright 2017 aLA DONNA NELLA STORIA. DONNA SANTIPPE E "ALTRA". ANTIFEMMINISMO. BENEMERENZE DELLE DONNE DURANTE LA I GUERRA MONDIALE. SPIRITUALITÀ DELLA DONNA. LA DONNA E LA CASA. DONNA E MODA. DONNA E LAVORO. CURA DELLA BELLEZZA NELLA DONNA. CONSIGLI ALLE MASSAIE. SANT aBIBLIOGRAFIE E CATALOGHI